Sacred Journey-Being Pilgrimage to Makkah (Record no. 5995)

MARC details
000 -LEADER
fixed length control field 00631nam a2200241 a 4500
020 ## - INTERNATIONAL STANDARD BOOK NUMBER
ISBN
082 00 - DEWEY DECIMAL CLASSIFICATION NUMBER
Classification number 297.55
Author Cutter AHM
100 ## - MAIN ENTRY--AUTHOR NAME
Author name Ahmed, Kamal
245 ## - TITLE STATEMENT
Title Sacred Journey-Being Pilgrimage to Makkah
260 ## - PUBLICATION, DISTRIBUTION, ETC. (IMPRINT)
Place of publication London
Name of publisher George Allen and Unwin Ltd
Year of publication 1961
300 ## - PHYSICAL DESCRIPTION
Number of Pages 108p
500 ## - GENERAL NOTE
General note includes index and biblioraphy
505 2# - FORMATTED CONTENTS NOTE
Formatted contents note Index, Glossary, Biblio.,
650 ## - SUBJECT ADDED ENTRY--TOPICAL TERM
Topical Term Muslim Pilgrims and Pilgrimages-Sau
942 ## - ADDED ENTRY ELEMENTS (KOHA)
Koha item type Books
700 1# -
-- Ahmed, Kamal
Holdings
Collection code Home library Current library Date acquired Cost, normal purchase price Full call number Accession Number Koha item type
  Henry Martyn Institute Library Henry Martyn Institute Library 08/04/2008 37.50 297.55 AHM 06711 Books
                   Copyright © 2026 | Henry Martyn Institute | Hyderabad | TS-500052 | INDIA | Implemented by hmi.edu.in
Hit-Count:

Powered by Koha